Statistiken für Top 15 der betroffenen Covid-19-Länder - 21. Feb 2021

Klicken Sie hier um das Quiz zu spielen!

Allgemein

  • Dieses Quiz wurde 22 mal gespielt
  • Das Durchschnittsergebnis liegt bei 18 aus 27

Antwortstatistiken

Land% Korrekt
Brasilien
100%
Deutschland
100%
Russland
100%
Spanien
100%
Vereinigte Staaten
100%
Italien
95%
Frankreich
90%
Argentinien
86%
Kolumbien
81%
Mexiko
81%
Tschechien
81%
Vereinigtes Königreich
81%
Belgien
76%
Indien
76%
Polen
76%
Iran
67%
Portugal
67%
Niederlande
62%
Schweden
62%
Türkei
57%
Slowenien
48%
Schweiz
43%
Israel
38%
Bahrain
19%
Georgien
10%
Litauen
10%
Panama
10%

Verteilung der Resultate

Perzentil nach korrekt beantworteten Fragen

Anzahl Personen mit jedem Resultat

Ihre Resultats-Entwicklung

Sie haben dieses Quiz noch nicht gespielt